Geography Quiz

Random Geography or City Quiz

Most Populous German Cities Quiz Stats

 Plays Quiz Updated May 11, 2018

Also try: States of Germany
Challenge
Share
Tweet
Embed
Score 0/100 Timer 15:00
12 Plays Today
Rank City % Correct
1Berlin
99%
3München
95.6%
2Hamburg
92.4%
5Frankfurt am Main
89.2%
4Köln
86.1%
6Düsseldorf
80.2%
7Stuttgart
78.5%
11Dresden
78.4%
8Dortmund
74.3%
10Bremen
73.8%
13Leipzig
72.5%
9Essen
71.7%
12Hannover
71.3%
19Bonn
70.6%
15Nürnberg
70.6%
30Kiel
61.5%
38Mainz
59.4%
29Aachen
58.3%
20Mannheim
58.3%
48Potsdam
56.2%
36Freiburg im Breisgau
56.2%
24Augsburg
54.6%
14Duisburg
54.6%
39Rostock
54%
59Wolfsburg
51.3%
18Bielefeld
50.8%
22Karlsruhe
50.7%
53Heidelberg
50%
16Bochum
49.7%
32Magdeburg
49%
43Saarbrücken
49%
21Münster (Westfalen)
48.7%
61Ulm
48.7%
34Lübeck
48.5%
Rank City % Correct
25Gelsenkirchen
47.9%
23Wiesbaden
47.4%
17Wuppertal
47.1%
37Erfurt
47.1%
26Mönchengladbach
46.8%
28Chemnitz
45.9%
73Jena
44.8%
45Leverkusen
44.6%
40Kassel
43.9%
27Braunschweig
43%
72Koblenz
42.6%
56Regensburg
42.6%
71Bremerhaven
42.5%
31Halle (Saale)
42.1%
54Darmstadt
41.6%
74Trier
41.5%
51Osnabrück
41.1%
82Kaiserslautern
40.9%
57Ingolstadt
40.4%
58Würzburg
40%
77Cottbus
38.5%
55Paderborn
37.7%
97Flensburg
36.6%
47Oldenburg
36.4%
87Schwerin
35.2%
64Göttingen
34.9%
35Oberhausen
33.7%
46Ludwigshafen am Rhein
33.2%
65Fürth
33%
42Hamm
33%
33Krefeld
31.7%
83Gera
31.5%
86Zwickau
30.9%
67Offenbach am Main
30.7%
Rank City % Correct
41Hagen
28.9%
96Tübingen
28.8%
49Solingen
26.8%
76Erlangen
26.6%
66Pforzheim
25.8%
62Heilbronn
25.5%
79Siegen
24.7%
52Neuss
24.6%
78Hildesheim
23.8%
50Herne
23.8%
69Reutlingen
23.7%
91Hanau
23.6%
44Mülheim an der Ruhr
23.3%
81Witten
23%
92Ludwigsburg
23%
60Bottrop
22.9%
63Recklinghausen
22.9%
70Bergisch Gladbach
21.9%
80Salzgitter
21.2%
100Minden
20.6%
93Dessau-Roßlau
20.4%
68Remscheid
19.4%
90Esslingen am Neckar
19.3%
85Gütersloh
19.3%
84Iserlohn
18.8%
75Moers
18.4%
88Düren
17.3%
99Villingen-Schwenningen
16.6%
95Marl
16.5%
89Ratingen
16.3%
94Lünen
15.4%
98Velbert
14.8%

You're not logged in!

Compare scores with friends on all Sporcle quizzes.
OR
Log In

You Might Also Like...

Show Comments

Extras

Top Quizzes Today


Score Distribution

Your Account Isn't Verified!

In order to create a playlist on Sporcle, you need to verify the email address you used during registration. Go to your Sporcle Settings to finish the process.

Report this User

Report this user for behavior that violates our Community Guidelines.

Details: